North American Pro Sports Team Abbreviations - Statistics

General Stats
  • This quiz has been taken 19 times
  • The average score is 102 of 124
Answer Stats
Hint Answer % Correct
Diamondbacks ARI
100%
Falcons ATL
100%
Braves ATL
100%
Ravens BAL
100%
Orioles BAL
100%
Celtics BOS
100%
Bills BUF
100%
Bears CHI
100%
Bulls CHI
100%
Bengals CIN
100%
Browns CLE
100%
Cowboys DAL
100%
Broncos DEN
100%
Nuggets DEN
100%
Lions DET
100%
Tigers DET
100%
Packers GB
100%
Texans HOU
100%
Rockets HOU
100%
Colts IND
100%
Pacers IND
100%
Chiefs KC
100%
Royals KC
100%
Lakers LAL
100%
Raiders LV
100%
Dolphins MIA
100%
Heat MIA
100%
Vikings MIN
100%
Patriots NE
100%
Saints NO
100%
Magic ORL
100%
Phillies PHI
100%
76ers PHI
100%
Steelers PIT
100%
Padres SD
100%
Seahawks SEA
100%
49ers SF
100%
Buccaneers TB
100%
Rays TB
100%
Blue Jays TOR
100%
Commanders WAS
100%
Cardinals ARI
92%
Red Sox BOS
92%
Hornets CHA
92%
Reds CIN
92%
Cavaliers CLE
92%
Rockies COL
92%
Mavericks DAL
92%
Astros HOU
92%
Angels LAA
92%
Clippers LAC
92%
Grizzlies MEM
92%
Twins MIN
92%
Timberwolves MIN
92%
Knicks NY
92%
Eagles PHI
92%
Pirates PIT
92%
Mariners SEA
92%
Giants SF
92%
Cardinals STL
92%
Titans TEN
92%
Rangers TEX
92%
Nationals WAS
92%
Hawks ATL
85%
Panthers CAR
85%
Pistons DET
85%
Warriors GS
85%
Chargers LAC
85%
Dodgers LAD
85%
Rams LAR
85%
Marlins MIA
85%
Brewers MIL
85%
Bucks MIL
85%
Pelicans NO
85%
Giants NYG
85%
Jets NYJ
85%
Mets NYM
85%
Yankees NYY
85%
Thunder OKC
85%
Trail Blazers POR
85%
Spurs SA
85%
Kings SAC
85%
Jazz UTA
85%
Wizards WAS
85%
Bruins BOS
77%
Guardians CLE
77%
Red Wings DET
77%
Jaguars JAX
77%
Suns PHX
77%
Raptors TOR
77%
Ducks ANA
69%
Cubs CHC
69%
Blackhawks CHI
69%
White Sox CWS
69%
Stars DAL
69%
Oilers EDM
69%
Hurricanes CAR
62%
Kings LAK
62%
Wild MIN
62%
Devils NJD
62%
Islanders NYI
62%
Rangers NYR
62%
Flyers PHI
62%
Penguins PIT
62%
Blues STL
62%
Maple Leafs TOR
62%
Capitals WAS
62%
Nets BKN
54%
Sabres BUF
54%
Avalanche COL
54%
Predators NAS
54%
Kraken SEA
54%
Canucks VAN
54%
Athletics ATH
46%
Blue Jackets CBJ
46%
Senators OTT
46%
Lightning TBL
46%
Mammoth UTA
46%
Golden Knights VGK
46%
Flames CGY
38%
Panthers FLA
38%
Sharks SJS
38%
Jets WPG
38%
Canadiens MTL
31%
No matching quizzes found
Score Distribution
Percent of People with Each Score
Percentile by Number Answered
Your Score History
You have not taken this quiz